MyGZULibrary

The fundamentals of public personnel management / (Record no. 7163)

MARC details
000 -LEADER
fixed length control field 01075cam a2200313 a 4500
001 - CONTROL NUMBER
control field 11912193
003 - CONTROL NUMBER IDENTIFIER
control field GZU
005 - DATE AND TIME OF LATEST TRANSACTION
control field 20210505120138.0
008 - FIXED-LENGTH DATA ELEMENTS--GENERAL INFORMATION
fixed length control field 000214s1998 sa a b 000 0 eng c
010 ## - LIBRARY OF CONGRESS CONTROL NUMBER
LC control number 00551032
020 ## - INTERNATIONAL STANDARD BOOK NUMBER
International Standard Book Number 0702143790
035 ## - SYSTEM CONTROL NUMBER
System control number (OCoLC)ocm42398981
040 ## - CATALOGING SOURCE
Original cataloging agency TJC
Transcribing agency TJC
Modifying agency DLC
042 ## - AUTHENTICATION CODE
Authentication code pcc
043 ## - GEOGRAPHIC AREA CODE
Geographic area code f-sa---
050 00 - LIBRARY OF CONGRESS CALL NUMBER
Classification number HD 31 CHE
Item number F863 1998
082 00 - DEWEY DECIMAL CLASSIFICATION NUMBER
Classification number 352.6/0968
Edition number 21
245 04 - TITLE STATEMENT
Title The fundamentals of public personnel management /
Statement of responsibility, etc. J Cheminais ... [et al.].
260 ## - PUBLICATION, DISTRIBUTION, ETC.
Place of publication, distribution, etc. Kenwyn :
Name of publisher, distributor, etc. Juta,
Date of publication, distribution, etc. 1998.
300 ## - PHYSICAL DESCRIPTION
Extent ix, 277 p. :
Other physical details ill. ;
Dimensions 25 cm.
504 ## - BIBLIOGRAPHY, ETC. NOTE
Bibliography, etc. note Includes bibliographical references.
650 #0 - SUBJECT ADDED ENTRY--TOPICAL TERM
Topical term or geographic name entry element Civil service
Geographic subdivision South Africa
General subdivision Personnel management.
650 #0 - SUBJECT ADDED ENTRY--TOPICAL TERM
Topical term or geographic name entry element Civil service
General subdivision Personnel management.
700 1# - ADDED ENTRY--PERSONAL NAME
Personal name Cheminais, J.
856 42 - ELECTRONIC LOCATION AND ACCESS
Materials specified Publisher description
Uniform Resource Identifier <a href="http://www.loc.gov/catdir/enhancements/fy0834/00551032-d.html">http://www.loc.gov/catdir/enhancements/fy0834/00551032-d.html</a>
906 ## - LOCAL DATA ELEMENT F, LDF (RLIN)
a 7
b cbc
c pccadap
d 3
e ncip
f 19
g y-gencatlg
942 ## - ADDED ENTRY ELEMENTS (KOHA)
Source of classification or shelving scheme Library of Congress Classification
Koha item type Books
Classification part 31
Item part CHE
Call number prefix HD
Call number suffix 1998
Holdings
Withdrawn status Lost status Damaged status Not for loan Collection code Home library Current library Shelving location Date acquired Total Checkouts Full call number Barcode Date last seen Copy number Price effective from Koha item type
        Non-fiction Mashava Campus Library Mashava Campus Library General Stacks 05/05/2021   HD 31 CHE 1998 B017739 05/05/2021 c.1 05/05/2021 Books